Science Quiz

Random Science or Astronomy Quiz
Score 0/15 Timer 06:00
0 Plays Today
Rank Star % Correct
1.Sirius
83.7%
10.Betelgeuse
61.3%
7.Rigel
51.4%
3.Rigil Kentaurus
51.1%
5.Vega
49.4%
4.Arcturus
37.9%
15.Antares
32.6%
14.Aldebaran
31.6%
Rank Star % Correct
12.Altair
29.5%
8.Procyon
28.7%
6.Capella
27.4%
2.Canopus
25.5%
11.Hadar
22.6%
13.Acrux
18.1%
9.Achernar
15.1%
Remove Ads.
Support Sporcle.
Get the best of Sporcle when you Go Orange. This ad-free experience offers more features, more stats, and more fun while also helping to support Sporcle. Thank you for becoming a member.

You're not logged in!

Compare scores with friends on all Sporcle quizzes.
OR
Log In

Show Comments

Extras

Top Quizzes Today


Score Distribution

Your Account Isn't Verified!

In order to create a playlist on Sporcle, you need to verify the email address you used during registration. Go to your Sporcle Settings to finish the process.

Report this User

Report this user for behavior that violates our Community Guidelines.

Details: